000 00465nam a2200169Ia 4500
999 _c12507
_d12507
003 OSt
005 20201104124113.0
008 190216s9999||||xx |||||||||||||| ||und||
040 _coclc
082 _a784
_bHOR/H
100 _aHorsburgh, David
_96260
245 0 _aHall Of Fame /
_cDavid Horsburgh
260 _bOrient Longman,
_c1969.
_aNew Delhi:
300 _a148p
650 _aAutobiography
942 _cBK
_2ddc
_h784
_iHOR/H
_k784
_mHOR/H